LDR 00745naa#a2200169#i#450# 001 RU\INFRA-M\bibl\126402 005 20260701203924.3 011 ## _a2306-1731 100 ## _a20260623b2026####ek#y0rusy0150####ca 102 ## _aRU 200 1# _aЗнаки, символы и смыслы торжественной церемонии _eЖурнальная статья 210 1# _aМосква _cОбщество с ограниченной ответственностью «Научно-издательский центр ИНФРА-М» _d2026 215 ## _a7 с. 608 ## _aЖурнальная статья _2local 675 ## _aСодержание воспитания и обучения. 37.011.33 _z 700 #1 _aКорбаков _gВ. В. 856 4# _azh-szf.ru _u